00402nam a2200121 a 450000500170000000800410001705000230005810000180008124500800009926000550017944000320023465000140026620140414132104.0100823s19uu xx 00 eng d aTR 428.2bF65 2005 aFlores, Frank aBe your own english teacher! Modifiers :badjectives, adverbs and articles. aManila, Philippines :bMiflores Publishing,c2004. aThe Miflores English Series aModifiers